| 000 | 00434nam a2200169Ia 4500 | ||
|---|---|---|---|
| 008 | 180921t xxu||||| |||| 00| 0 sin d | ||
| 041 | _asin | ||
| 080 |
_a627.09 _bJAA |
||
| 245 | _aජාතියේ හදවත වරාය | ||
| 246 | _aJaathiye hadavatha varaaya | ||
| 260 | _bMahapola gnana darshana | ||
| 300 | _a10p., 22 cm | ||
| 650 | _aHarbour | ||
| 942 | _cBK | ||
| 999 |
_c15134 _d15134 |
||
| 003 | LK-CoDNM | ||
| 040 |
_aLK-CoDNM _dLK-CoDNM _eLK-CoDNM |
||